| 000 | 00695nam a2200217 4500 | ||
|---|---|---|---|
| 003 | OSt | ||
| 005 | 20260601193842.0 | ||
| 008 | 260417b1984 sp a|||| |||| 00| 0 spa d | ||
| 020 | _a8425211689 | ||
| 040 |
_aICI _bspa _cICI |
||
| 050 |
_aBH301.F6 _bW54 |
||
| 100 |
_aWilliams, Christopher _930937 |
||
| 245 | 1 |
_aLos origenes de la forma / _cChristopher Williams ; version castellana de Homero alsina thevenet ; revision bibliografica por Joaquín romaguera i ramio |
|
| 264 |
_bGustavo Gili, _cc1984 _aBarcelona : |
||
| 300 | _a159 páginas | ||
| 336 |
_atexto _2rdacontent |
||
| 337 |
_asin medio _2rdamedia |
||
| 338 |
_avolumen _2rdacarrier |
||
| 650 | _aForma (Estética) | ||
| 942 |
_2lcc _cB |
||
| 999 |
_c21501 _d21501 |
||